[Event "Hoogeveen op 21st"]
[Site "Hoogeveen"]
[Date "2017.10.25"]
[Round "6"]
[White "Hilwerda, Jonas"]
[Black "Damen, Jip"]
[Result "1/2-1/2"]
[WhiteElo "2216"]
[BlackElo "2016"]
[PlyCount "108"]
[EventDate "2017.10.21"]
[EventType "swiss"]
[EventRounds "9"]
[EventCountry "NED"]
[SourceTitle "CBM 181 Extra"]
[Source "ChessBase"]
[SourceDate "2017.12.12"]
[SourceVersion "1"]
[SourceVersionDate "2017.12.12"]
[SourceQuality "1"]

1. d4 Nf6 2. Nc3 d5 3. Bf4 Bf5 4. f3 h6 5. g4 Bg6 6. h4 e6 7. e3 Bd6 8. Nh3 c6 9. Bxd6 Qxd6 10. Nf4 Bh7 11. g5 Ng8 12. Qd2 Nd7 13. 0-0-0 0-0-0 14. Nd3 hxg5 15. hxg5 Ne7 16. f4 Bf5 17. Be2 f6 18. gxf6 gxf6 19. Bf3 Ng6 20. Qf2 Rxh1 21. Rxh1 Rh8 22. Rxh8+ Nxh8 23. e4 dxe4 24. Nxe4 Qc7 25. Qe3 Ng6 26. Bh5 Ne7 27. c4 b6 28. Bf3 Ng6 29. c5 Bxe4 30. Qxe4 Nh4 31. Qxc6 Qxc6 32. Bxc6 Nf5 33. d5 exd5 34. Bxd5 bxc5 35. Be6 Nd4 36. Nxc5 Nxe6 37. Nxe6 Nb6 38. Nc5 Nd5 39. Nd3 Kd7 40. Kd2 Ke6 41. Ke2 Kf5 42. Kf3 a5 43. a3 Nb6 44. Nc5 Nc4 45. b4 axb4 46. axb4 Nd2+ 47. Ke3 Nc4+ 48. Kd4 Nd6 49. Kd5 Nb5 50. Nd3 Nc3+ 51. Kd4 Nb5+ 52. Kc5 Nc3 53. b5 Ke4 54. Kc4 Nxb5 1/2-1/2

[Event "Hoogeveen op 21st"]
[Site "Hoogeveen"]
[Date "2017.10.21"]
[Round "1"]
[White "Hopman, Pieter"]
[Black "Damen, Jip"]
[Result "0-1"]
[WhiteElo "2322"]
[BlackElo "2016"]
[PlyCount "72"]
[EventDate "2017.10.21"]
[EventType "swiss"]
[EventRounds "9"]
[EventCountry "NED"]
[SourceTitle "CBM 181 Extra"]
[Source "ChessBase"]
[SourceDate "2017.12.12"]
[SourceVersion "1"]
[SourceVersionDate "2017.12.12"]
[SourceQuality "1"]

1. b3 e5 2. Bb2 d6 3. e3 Nf6 4. d4 Nbd7 5. Nd2 c6 6. Qf3 exd4 7. exd4 Be7 8. 0-0-0 Nb6 9. h3 Be6 10. Ne2 Nbd5 11. c4 Nc7 12. Nf4 d5 13. Bd3 Qd7 14. Rhe1 g6 15. Re5 0-0-0 16. Rde1 Rhe8 17. c5 Rf8 18. g4 Ng8 19. g5 Rde8 20. h4 Bg4 21. Qg3 f6 22. gxf6 Bxf6 23. Rxe8+ Rxe8 24. Rxe8+ Nxe8 25. Nf1 Nh6 26. Ne3 Bf5 27. Bf1 Ng7 28. b4 Qe7 29. b5 Bxh4 30. Qf3 Qe4 31. Qxe4 Bxe4 32. bxc6 bxc6 33. Nh3 Nhf5 34. Ng4 Ne6 35. Ne5 Nfxd4 36. Ba6+ Kc7 0-1

[Event "Agneaux St Lo op 18th"]
[Site "Agneaux"]
[Date "2017.07.08"]
[Round "2.1"]
[White "Olivier, Hugo"]
[Black "Damen, Jip"]
[Result "0-1"]
[WhiteElo "1705"]
[BlackElo "1986"]
[PlyCount "43"]
[EventDate "2017.07.08"]
[EventType "swiss"]
[EventRounds "9"]
[EventCountry "FRA"]
[SourceTitle "EXT 2020"]
[Source "ChessBase"]
[SourceDate "2019.10.17"]
[SourceVersion "1"]
[SourceVersionDate "2019.10.17"]
[SourceQuality "1"]

1. d4 g6 2. c4 Bg7 3. Nc3 d6 4. e4 Nf6 5. h3 0-0 6. Nf3 c6 7. Bd3 a6 8. 0-0 b5 9. b3 Bb7 10. Bb2 Nh5 11. Rc1 Qb6 12. d5 Nd7 13. Qe2 Ng3 14. Qd2 Nxf1 15. Kxf1 Nc5 16. Bb1 bxc4 17. bxc4 cxd5 18. cxd5 Rab8 19. Nd4 Bxd4 20. Qxd4 Qxb2 21. Rc2 Qb6 22. e5 0-1